000 00520nam a2200217Ia 4500
003 OSt
005 20221005133129.0
006 a|||||r|||| 00| 0
007 ta
008 221004b |||||||| |||| 00| 0 san d
024 _a40467
037 _cTextual
040 _aCRL
_cCRL
_bsan
041 _2san
_asan
082 _aU8.5.M9, 155B9.1
245 0 _aVilyatacha parvas
300 _a195p.
_ccm.
650 _aGEOGRAPHY
942 _hU8.5.M9, 155B9.1
_cTEXL
_2cc
999 _c1065812
_d1065812